| 000 | 00383 a2200133 4500 | ||
|---|---|---|---|
| 040 | _aDLC | ||
| 082 | _a491.439 | ||
| 100 | _aRuswa, Mirza Muhammad Hadi. | ||
| 245 |
_aUrdu Short Hand _cMirza Muhammad Hadi Ruswa and M. L. Ghosh. _h(Urdu) |
||
| 260 |
_aIslamabad : _bMuqtedara Qomi Zuban, _c1986. |
||
| 300 |
_a124 p. ; _c24 cm. |
||
| 700 | _aGhosh, M. L. | ||
| 942 |
_cBK _k491.439 RUS _2ddc |
||
| 999 |
_c7502 _d7502 |
||